| 000 | 01026nmm a2200289 a 4500 | ||
|---|---|---|---|
| 001 | ocm000652828 | ||
| 003 | TR-IsHL | ||
| 005 | 20201028133518.0 | ||
| 008 | 131121s2004 tu tur | ||
| 007 | cr cn | ||
| 020 | _a9789754826739 | ||
| 035 |
_a652828 _b(N$T) |
||
| 050 | 0 | 4 |
_aJQ1805.A8 _bG85 2004 |
| 090 | 0 | 4 |
_aJQ1805.A8 _bG85 2004 |
| 100 | 1 | _aGüler, Birgül A. | |
| 245 | 1 | 0 |
_aKamu yönetimi ülke incelemeleri _h[electronic resource] / _cBirgül A. Güler ; Onur Karahanoğulları, Koray Karasu |
| 260 |
_aAnkara : _bAnkara Üniversitesi Siyasal Bilgiler Fakültesi, _c2004 |
||
| 300 | _a431 p. | ||
| 650 | 4 | _aİşletme ve Yönetim | |
| 650 | 4 | _aBusiness and Management | |
| 650 | 0 |
_aKamu yönetimi _xTürkiye |
|
| 650 | 0 |
_aPublic administration _xTurkey |
|
| 650 | 7 |
_aPOLITICAL SCIENCE / Public Affairs & Administration _2bisacsh |
|
| 700 | 1 | _aKarahanoğulları, Onur | |
| 700 | 1 | _aKarasu, Koray | |
| 856 | 4 | 0 | _uhttp://search.ebscohost.com/login.aspx?direct=true&scope=site&db=e011xww&AN=652828 |
| 999 |
_c5683 _d5683 |
||